L'homme criminel (Record no. 157936)

MARC details
000 -LEADER
campo de control de longitud fija 01311nam a2200265 i 4500
001 - NÚMERO DE CONTROL
campo de control 157936
003 - IDENTIFICADOR DE NÚMERO DE CONTROL
campo de control ES-MaACL
005 - FECHA Y HORA DE LA ÚLTIMA TRANSACCIÓN
campo de control 20260214184937.0
008 - DATOS DE LONGITUD FIJA--INFORMACIÓN GENERAL
campo de control de longitud fija 020820s1887 fr |||| | fre d
040 ## - FUENTE DE CATALOGACIÓN
Centro catalogador/agencia de origen CCPB | B
Lengua de catalogación spa
Centro/agencia transcriptor CCPB | B
100 1# - ENTRADA PRINCIPAL--NOMBRE DE PERSONA
Nombre de persona Lombroso, Cesare,
Fechas asociadas al nombre 1835-1909
9 (RLIN) 242173
245 12 - MENCIÓN DEL TÍTULO
Título L'homme criminel
Resto del título : criminel-né, fou moral, épileptique : étude anthropologique et médico-légale /
Mención de responsabilidad, etc. par César Lombroso ; traduit sur la IVe édition italienne par Regnier et Bournet et précédé d'une préface du Ch. Létourneau.
260 ## - PUBLICACIÓN, DISTRIBUCIÓN, ETC.
Lugar de publicación, distribución, etc. Paris :
Nombre del editor, distribuidor, etc. ancienne Librairie Germer Baillière et C\pie\s, Félix Alcan, éditeur,
Fecha de publicación, distribución, etc. 1887 (
Lugar de fabricación/manufactura Coulommiers :
Fabricante Typ. P. Brodard et Gallois)
300 ## - DESCRIPCIÓN FÍSICA
Extensión 2 v. ( T.I (XXIV, 682 p.) - T.II, Atlas (13 p., XXXII h. de lám.) ;
Dimensiones 22 cm.
490 1# - MENCIÓN DE SERIE
Mención de serie Bibliothèque de philosophie contemporaine
650 #7 - PUNTO DE ACCESO ADICIONAL DE MATERIA--TÉRMINO DE MATERIA
Término de materia o nombre geográfico como elemento de entrada Antropología criminal
Fuente del encabezamiento o término embne
9 (RLIN) 9866
650 #4 - PUNTO DE ACCESO ADICIONAL DE MATERIA--TÉRMINO DE MATERIA
Término de materia o nombre geográfico como elemento de entrada Criminología.
9 (RLIN) 135832
700 1# - ENTRADA AGREGADA--NOMBRE PERSONAL
Nombre de persona Bournet, Albert,
Fechas asociadas al nombre 1854-1895
9 (RLIN) 158367
700 0# - ENTRADA AGREGADA--NOMBRE PERSONAL
Nombre de persona Letourneau, Charles.
9 (RLIN) 71888
700 1# - ENTRADA AGREGADA--NOMBRE PERSONAL
Nombre de persona Regnier.
9 (RLIN) 131665
830 0# - PUNTO DE ACCESO ADICIONAL DE SERIE-TÍTULO UNIFORME
Título uniforme Bibliothèque de philosophie contemporaine
9 (RLIN) 181027
852 ## - LOCALIZACIÓN
Ubicación ES-MaACL
Número de control de estantería B-5374-75
Nota libre -- Enc. hol.
Encuadernación -- Edic.: T.I (XXIV, 682 p.) - T.II, Atlas (13 p., XXXII h. de lám.)
Holdings
Estatus retirado Estado de pérdida Estado de daño No para préstamo Colección Biblioteca de origen Biblioteca actual Ubicación en estantería Fecha de adquisición Total de préstamos Signatura topográfica completa Código de barras Visto por última vez Precio de reemplazo Tipo de ítem Koha
        Libros del s. XIX Biblioteca del Ateneo de Madrid Biblioteca del Ateneo de Madrid Sala Pardo Bazán 17/01/2008   B-5374-75 1165291 23/02/2023 23/02/2023 Libro impreso antiguo